| 000 | 00558nam a22001697a 4500 | ||
|---|---|---|---|
| 003 | NUST | ||
| 038 | _aNusrat Nadeem | ||
| 082 | _a200 | ||
| 100 |
_aYaseen, Muhammad Faisal _997189 |
||
| 245 |
_aFeed Forward Barrier Function-Based Robust Non-Linear Control of PHEV / _cMuhammad Faisal Yaseen |
||
| 264 |
_aIslamabad : _bSEECS, NUST, _c2022. |
||
| 300 | _a32 p. ; | ||
| 650 |
_aMS-Electrical Engineering _923567 |
||
| 700 |
_aSupervisor: Dr. Iftikhar Ahmad Rana _996695 |
||
| 856 | _uttp://10.250.8.41:8080/xmlui/handle/123456789/29945 | ||
| 942 |
_2ddc _cSC |
||
| 999 |
_c590980 _d590980 |
||